[Event "Cairo Al Ain op"]
[Site "Cairo"]
[Date "2023.11.28"]
[Round "3"]
[White "Hassan, Sayed Barakat"]
[Black "Elabdiny, Hamdy"]
[Result "1-0"]
[WhiteElo "2267"]
[BlackElo "1832"]
[PlyCount "31"]
[EventDate "2023.11.27"]
[EventType "swiss"]
[EventRounds "10"]
[EventCountry "EGY"]
[SourceTitle "CB49_2023"]
[SourceDate "2023.12.06"]
[SourceVersion "1"]
[SourceVersionDate "2023.12.06"]
[SourceQuality "1"]

1. e4 e5 2. Bc4 Bc5 3. Nf3 Nc6 4. c3 Qf6 5. d4 exd4 6. e5 Qg6 7. 0-0 dxc3 8. Nxc3 d6 9. Nd5 Bb6 10. Nf4 Qh6 11. e6 f6 12. Nd5 Qh5 13. Nf4 Qc5 14. Qe2 Nge7 15. Bd2 Nd4 16. Rac1 1-0